| 000 | 00346nam a2200145Ia 4500 | ||
|---|---|---|---|
| 008 | 150201s1986 xx 000 0 und d | ||
| 082 |
_a610.732 _bC86L |
||
| 100 | _aLAMB , JOANN I. | ||
| 245 | _aHB. OF CARDIOVASCULAR NURSING | ||
| 250 | _a1ST | ||
| 260 |
_bLIPPINCOTT _aDELHI _c1986 |
||
| 300 | _a472 | ||
| 650 | _aNURSING | ||
| 942 |
_2ddc _cBK _050 |
||
| 999 |
_c1892 _d1892 |
||